header

Dielectric materials (Record no. 163779)

MARC details
000 -LEADER
fixed length control field 01365nam a2200337 a 4500
082 04 - DEWEY DECIMAL CLASSIFICATION NUMBER
Classification number 537/.24
100 1# - MAIN ENTRY--AUTHOR NAME
Personal name Choudhary, Ram Naresh Prasad.
245 10 - TITLE STATEMENT
Title Dielectric materials
260 ## - PUBLICATION, DISTRIBUTION, ETC. (IMPRINT)
Place of publication New York. :
Name of publisher Nova Science Publishers,
Year of publication 2009.
300 ## - PHYSICAL DESCRIPTION
Number of Pages viii, 152 p. :
Other physical details ill.
490 1# - SERIES STATEMENT
Series statement Materials science and technologies
650 #0 - SUBJECT ADDED ENTRY--TOPICAL TERM
Topical Term Dielectrics.
700 1# - ADDED ENTRY--PERSONAL NAME
Personal name Patri, Sunanda Kumari.
856 40 - ELECTRONIC LOCATION AND ACCESS
Uniform Resource Identifier http://site.ebrary.com/lib/rucke/Doc?id=10674913

No items available.

© 2026 Rongo University
Contact us: librarian | system librarian | Rongo university